000 00345nam a2200157Ia 4500
003 OSt
005 20240117123509.0
008 170524s9999 xx 000 0 und d
020 _a9780471143239
040 _cIIMTU
100 _aSze SM
245 0 _aPhysics of Semiconductor Devices
260 _bPearson
260 _c2007
942 _2ddc
_c02
999 _c4650
_d4650